000 00418nam a22001337a 4500
020 _a)-13-791245-5
082 _a621.3825 PRI'S
100 _aPRITCHARD, W.L , SCIULL, JOSEPH.A
_965180
245 _aSATELLITE COMMINICATION SYSTEM ENGINNERING
260 _aENGLEWOOD CLIFF
_bPRENTICE HALL
_c1986
300 _aXVI,399P
650 _aARTIFICIAL INTELLIGENCE IN TELECOMMUNICATION-SYSTEM ENGINNERING
_965181
942 _cBK
999 _c573473
_d573473